000 00774nam a2200217 a 4500
001 000008361
005 20200929161331.0
008 090916s1980 dr a 001 0 spa d
040 _aDO-SdBNP
_bspa
_cBNPHU
082 _a381.1
_bM828c
100 1 _aMorales, Pedro H.
_922565
245 1 0 _aCómo progresar en comercio y ventas /
_cPedro H. Morales ; prólogo Hernando Santos Castillo.
260 _aSanto Domingo :
_bCIMA,
_c1980.
300 _a247 p. :
_bil. ;
_c22 cm.
500 _aIncluye datos biográficos del autor en la contracubierta.
590 _aInventariado, 2018/VM
650 4 _aVendedores y arte de vender
_918681
650 4 _aTécnicas de ventas
_922566
700 1 _aSantos Castillo, Hernando,
_epról.
_922567
910 _aValidado. Control de calidad EMS
999 _c8132
_d8132